<?xml version="1.0" encoding="UTF-8"?>
<collection xmlns:xsi="http://www.w3.org/2001/XMLSchema-instance" xsi:schemaLocation="http://www.loc.gov/MARC21/slim http://www.loc.gov/standards/marcxml/schema/MARC21slim.xsd" xmlns="http://www.loc.gov/MARC21/slim">
 <record>
  <leader>00000ctm a22000003a 4500</leader>
  <controlfield tag="001">UP-99796217613997831</controlfield>
  <controlfield tag="003">Buklod</controlfield>
  <controlfield tag="005">20250929114615.0</controlfield>
  <controlfield tag="006">m    |o  d |      </controlfield>
  <controlfield tag="007">ta</controlfield>
  <controlfield tag="008">250929s2020    xx      r    |||| u|    |</controlfield>
  <datafield tag="035" ind1=" " ind2=" ">
   <subfield code="a">(iLib)UPD-00536373102</subfield>
  </datafield>
  <datafield tag="040" ind1=" " ind2=" ">
   <subfield code="a">DARC</subfield>
   <subfield code="e">rda</subfield>
  </datafield>
  <datafield tag="041" ind1=" " ind2=" ">
   <subfield code="a">eng</subfield>
  </datafield>
  <datafield tag="090" ind1=" " ind2=" ">
   <subfield code="a">LG 993.5 2020 A7</subfield>
   <subfield code="b">V55</subfield>
  </datafield>
  <datafield tag="100" ind1="1" ind2=" ">
   <subfield code="a">Villanueva, Cristouffer Gabriel R.</subfield>
   <subfield code="e">author.</subfield>
  </datafield>
  <datafield tag="245" ind1="1" ind2="0">
   <subfield code="a">The Grid</subfield>
   <subfield code="b">Makati DRRM Complex</subfield>
   <subfield code="c">Cristouffer Gabriel R. Villanueva ;  Michael V. Tomeldan, adviser.</subfield>
  </datafield>
  <datafield tag="264" ind1=" " ind2="1">
   <subfield code="a">Quezon City</subfield>
   <subfield code="b">College of Architecture, University of the Philippines Diliman</subfield>
   <subfield code="c">June 2020.</subfield>
  </datafield>
  <datafield tag="300" ind1=" " ind2=" ">
   <subfield code="a">[vi], [84] leaves </subfield>
   <subfield code="b">illustrations (some color)</subfield>
   <subfield code="c">28 cm.</subfield>
  </datafield>
  <datafield tag="336" ind1=" " ind2=" ">
   <subfield code="a">text</subfield>
   <subfield code="2">rdacontent</subfield>
  </datafield>
  <datafield tag="337" ind1=" " ind2=" ">
   <subfield code="a">unmediated</subfield>
   <subfield code="2">rdamedia</subfield>
  </datafield>
  <datafield tag="338" ind1=" " ind2=" ">
   <subfield code="a">volume</subfield>
   <subfield code="2">rdacarrier</subfield>
  </datafield>
  <datafield tag="502" ind1=" " ind2=" ">
   <subfield code="a">Thesis (Bachelor of Science in Architecture) -- University of the Philippines Diliman</subfield>
   <subfield code="d">June 2020.</subfield>
  </datafield>
  <datafield tag="520" ind1="3" ind2=" ">
   <subfield code="a">Over 30 major earthquakes and thousands of typhoons have passed through our country in the last 2 decades.  This is almost the same amount of time that the PD 1566, the first dedicated disaster risk reduction management law in our country, was passed.  Yet there are still a lot of communities who can't cope properly whenever nature strikes.  Even 2019's richest city of the Philippines -- Makati, still face this problem in their Disaster Risk Reduction Management.  Even more so because as proven throughout time, they have been making great strides in both sides of the problem, internally and externally.  Internally they train their volunteers on a regular basis and externally  they use the different barangay officials to make sure all the citizens of Makati are informed on what to do.  Even with this, the situation has not significantly changed.  In every typhoon most barangays still experience heavy flooding and have had to evacuate from their house or office every time.  This project is done by using the both ideas from the community and plans from the DRRM officials to create an efficient and effective learning facility for disaster mitigation.  The facility's methods of learning is divided into formal and informal.  Formal learnings is geared towards to responders and volunteers who want to learn the proper protocols and maybe build a career as a  DRRM responder.  While informal learning is for everyone else, this will be done through a visual and experiential museum showcasing the different natural threats in the country and how to deal with it.  This is done for the citizens to be more equipped in times of disasters which should ultimately lower the level of vulnerability of the city then the country.</subfield>
  </datafield>
  <datafield tag="650" ind1=" " ind2="0">
   <subfield code="a">Disaster relief facilities.</subfield>
  </datafield>
  <datafield tag="650" ind1=" " ind2="0">
   <subfield code="a">Emergency management.</subfield>
  </datafield>
  <datafield tag="700" ind1="1" ind2=" ">
   <subfield code="a">Tomeldan, Michael V.</subfield>
   <subfield code="e">thesis adivser.</subfield>
  </datafield>
  <datafield tag="842" ind1=" " ind2=" ">
   <subfield code="a">Thesis</subfield>
  </datafield>
  <datafield tag="905" ind1=" " ind2=" ">
   <subfield code="a">FI</subfield>
  </datafield>
  <datafield tag="852" ind1="0" ind2=" ">
   <subfield code="a">UPD</subfield>
   <subfield code="b">DARC</subfield>
   <subfield code="h">LG 993.5 2020 A7</subfield>
   <subfield code="i">V55</subfield>
  </datafield>
  <datafield tag="942" ind1=" " ind2=" ">
   <subfield code="a">Thesis</subfield>
  </datafield>
 </record>
</collection>
